<?xml version="1.0" encoding="UTF-8"?>
<collection xmlns="http://www.loc.gov/MARC21/slim">
  <record>
    <leader>00000nam  2200000   4500</leader>
    <controlfield tag="001">INLIS000000000002901</controlfield>
    <controlfield tag="005">20190213105553</controlfield>
    <datafield tag="035" ind1="#" ind2="#">
      <subfield code="a">0010-0718002901</subfield>
    </datafield>
    <controlfield tag="008">190213################|##########0#eng##</controlfield>
    <datafield tag="020" ind1="#" ind2="#">
      <subfield code="a">0080197965</subfield>
    </datafield>
    <datafield tag="041" ind1=" " ind2=" ">
      <subfield code="a">id</subfield>
    </datafield>
    <datafield tag="082" ind1="#" ind2="#">
      <subfield code="a">001.43</subfield>
    </datafield>
    <datafield tag="090" ind1=" " ind2=" ">
      <subfield code="a">001.43 Str l</subfield>
    </datafield>
    <datafield tag="100" ind1=" " ind2="#">
      <subfield code="a">Streeten, Paul</subfield>
    </datafield>
    <datafield tag="245" ind1="1" ind2="#">
      <subfield code="a">The Limits of Development Research /</subfield>
      <subfield code="c">Paul Streeten</subfield>
    </datafield>
    <datafield tag="250" ind1="#" ind2="#">
      <subfield code="a">Ed. 1</subfield>
    </datafield>
    <datafield tag="260" ind1="#" ind2="#">
      <subfield code="a">Oxford :</subfield>
      <subfield code="b">Pergamon Press,</subfield>
      <subfield code="c">1975</subfield>
    </datafield>
    <datafield tag="300" ind1="#" ind2="#">
      <subfield code="a">24 hlm. :</subfield>
      <subfield code="b">ilus. ;</subfield>
      <subfield code="c">30 cm.</subfield>
    </datafield>
    <datafield tag="500" ind1="#" ind2="#">
      <subfield code="a">The scope and the limits of the use and transfer of development research are discussed and the questions is raised what social, political, philosophical and moral problems arise when scholars from rich countries, with well-endowed centres of learning, carry out research on and in substantially poorer countries. The charges are examined that have been made by developing countries againts research on their problems and in their territory, and in particular the charge of intellectual imperialism. Different arguments for collaboration in research between rich and poor countries are distinguished. There is a discussion of interdisciplinary research and its organization. Some of the issues are illustrated with the aid of an example: research on poverty eradication and strategies for greater (efficient) equality. The question is raised whether research in rich countries should confine itself to the 'interface' of rich - poor relations or whether development research is an indivisible whole.</subfield>
    </datafield>
    <datafield tag="650" ind1=" " ind2="#">
      <subfield code="a">Penelitian dan Pengembangan</subfield>
    </datafield>
    <datafield tag="084" ind1="#" ind2="#">
      <subfield code="a">001.43 Str l</subfield>
    </datafield>
    <datafield tag="856" ind1="#" ind2="#">
      <subfield code="a">Perpustakaan  Lembaga Administrasi Negara RI</subfield>
    </datafield>
    <datafield tag="990" ind1="#" ind2="#">
      <subfield code="a">19979</subfield>
    </datafield>
  </record>
</collection>
